| 000 | 00512nam a2200181 4500 | ||
|---|---|---|---|
| 003 | SEACOMEC | ||
| 005 | 20251004121019.0 | ||
| 008 | 230930b |||||||| |||| 00| 0 eng d | ||
| 020 |
_c280.00 _a978-0070669307 |
||
| 040 | _aSEACOMEC | ||
| 082 |
_a621.3 _bC435 |
||
| 100 | _aChakarborty, Abhijit | ||
| 245 |
_aBasic Electrical and Electronics Engineering-I _cAbhijit Chakraborty and Sudipta nath |
||
| 260 |
_aNew Delhi _bTMH _c2011 |
||
| 650 | _aElectrical Engineering | ||
| 700 | _aNath, Sudipta | ||
| 942 | _cBBK | ||
| 999 |
_c32 _d32 |
||